Managing the environment : (Record no. 542787)
[ view plain ]
| 000 -LEADER | |
|---|---|
| fixed length control field | 00532nam a2200145 a 4500 |
| 082 00 - DEWEY DECIMAL CLASSIFICATION NUMBER | |
| Classification number | 363.7 |
| Author Mark | MAN |
| -- | D |
| 245 00 - TITLE STATEMENT | |
| Title | Managing the environment : |
| Remainder of title | an analytical examination of problems and procedures / |
| Statement of responsibility, etc. | edited by Yusuf J. Ahmad. |
| 260 ## - PUBLICATION, DISTRIBUTION, ETC. | |
| Place of publication, distribution, etc. | Nairobi : |
| Name of publisher, distributor, etc. | United Nations Environment Programme, |
| Date of publication, distribution, etc. | 1983. |
| 300 ## - PHYSICAL DESCRIPTION | |
| Extent | vii, 99 p. : |
| Other physical details | ill. ; |
| Dimensions | 21 cm. |
| 500 ## - GENERAL NOTE | |
| General note | Includes index. |
| 526 ## - STUDY PROGRAM INFORMATION NOTE | |
| Program name | 0 |
| Interest level | 0 |
| Reading level | 0 |
| Title point value | 363_700000000000000_MAN |
| 650 #0 - SUBJECT ADDED ENTRY--TOPICAL TERM | |
| Topical term or geographic name entry element | Environmental policy |
| General subdivision | Cost effectiveness. |
| 9 (RLIN) | 36388 |
| 700 1# - ADDED ENTRY--PERSONAL NAME | |
| Personal name | Ahmad, Yusuf J. |
| 942 ## - ADDED ENTRY ELEMENTS (KOHA) | |
| Source of classification or shelving scheme | |
| Koha item type | Book |
| Withdrawn status | Lost status | Source of classification or shelving scheme | Damaged status | Not for loan | Permanent Location | Current Location | Date acquired | Total Checkouts | Full call number | Barcode | Date last seen | Price effective from | Koha item type |
|---|---|---|---|---|---|---|---|---|---|---|---|---|---|
| Military College of Engineering (MCE) | Military College of Engineering (MCE) | 02/18/2014 | 363.7 MAN | MCE-43352 | 02/18/2014 | 02/18/2014 | Book |
